Compil' mon frère ce champion !
<< Retourner aux résultats de la recherche
| Auteur principal : | Olivier Dutto |
|---|---|
| Titre : | Compil' mon frère ce champion ! |
| Support : | Livres |
| Langue : | Francais |
| Publié : |
DL 2024 Soleil Toulon |
| Series : |
Les p'tits diables |
| Genre : |
Bande Dessinée (enfants) |
| Collection : |
Les p'tits diables |
| Sujets : | |
| Étiquettes : |
Pas de tags
|
| LEADER | 00772nam0a2200217 450 | ||
|---|---|---|---|
| 001 | 16868328 | ||
| 010 | |a 978-2-302-10300-9 |b rel. |d 11,5 | ||
| 100 | |a 20260529d2026 u u0frey01 ba | ||
| 101 | 0 | |a fre | |
| 102 | |a FR | ||
| 200 | 0 | |a Compil' mon frère ce champion ! |f scénario & dessin, Olivier Dutto |g couleurs, Benoît Bekaert | |
| 207 | 1 | |a | |
| 210 | |a Toulon |c Soleil |d DL 2024 | ||
| 215 | |a 1 vol. (44 p.) |c ill. en coul. |d 30 cm | ||
| 225 | 1 | |a Les p'tits diables | |
| 330 | |a Une sélection des meilleurs gags de LA série des frères et soeurs. | ||
| 461 | 0 | |t Les p'tits diables | |
| 700 | 0 | |a Dutto |b Olivier |4 70 | |
| 900 | |a Bande Dessinée (enfants) | ||
| 901 | |a Jeunesse | ||
| 995 | |a Médiathèque |c Médiathèque |f 089021886 |h 089021886 |k BD PTI |o p |q u |r az |e Médiathèque | ||